Top 40 Countries with the Highest GDP (2016) - Statistics

General Stats
  • This quiz has been taken 1,920 times
    1,839 since last reset
  • The average score is 34 of 40
Answer Stats
Ranking Country GDP (billions USD) % Correct
1 United States 18,558.130
100%
2 China 11,383.030
99%
6 France 2,464.790
99%
4 Germany 3,467.780
98%
3 Japan 4,412.600
98%
5 United Kingdom 2,760.960
98%
9 Brazil 1,534.780
97%
7 India 2,288.720
97%
8 Italy 1,848.690
96%
14 Russia 1,132.740
96%
10 Canada 1,462.330
95%
15 Mexico 1,082.430
95%
12 Spain 1,242.360
95%
13 Australia 1,200.780
93%
26 Argentina 437.856
92%
16 Indonesia 936.955
92%
11 South Korea 1,321.200
92%
22 Sweden 512.748
92%
30 Norway 366.873
89%
20 Saudi Arabia 618.274
89%
31 Egypt 330.780
88%
39 South Africa 266.213
88%
24 Poland 473.501
87%
18 Turkey 751.186
86%
28 Iran 386.120
84%
17 Netherlands 762.521
84%
19 Switzerland 651.770
83%
25 Belgium 465.248
81%
38 Pakistan 285.000
79%
27 Thailand 409.724
79%
36 Denmark 301.784
77%
21 Nigeria 537.966
77%
29 Austria 384.799
76%
32 United Arab Emirates 325.135
75%
40 Ireland 254.596
70%
34 Malaysia 309.262
70%
23 Taiwan 508.849
69%
37 Singapore 294.560
67%
33 Philippines 310.312
65%
35 Israel 306.194
61%
No matching quizzes found
Score Distribution
Percent of People with Each Score
Percentile by Number Answered
Your Score History
You have not taken this quiz since the last reset